Η μεθευρετική μέθοδος αναζήτησης λύσεων tabu και η εφαρμογή της σε προβλήματα συνδυαστικής βελτιστοποίησης: πτυχιακή εργασία
Στη παρούσα πτυχιακή μελετήθηκε ο μεθευρετικός αλγόριθμος tabu σε προβλήματα συνδυαστικής βελτιστοποίησης και παρουσιάστηκε η εφαρμογή του σε δύο πολύ γνωστά προβλήματα, στο πρόβλημα περιοδεύτοντος πωλητή (TSP) και στο πρόβλημα τετραγωνικής εκχώρησης (QAP)....
Saved in:
| Main Author: | |
|---|---|
| Corporate Author: | |
| Format: | Thesis Book |
| Language: | Greek |
| Published: |
2014.
|
| Subjects: | |
| Online Access: | http://hdl.handle.net/11610/7949 |
| Tags: |
Add Tag
No Tags, Be the first to tag this record!
|
MARC
| LEADER | 00000cam a2200000 a 4500 | ||
|---|---|---|---|
| 001 | 1/108248 | ||
| 008 | 150831s2014####gr | ||| |||| ||gre|| | ||
| 040 | |a GR-MyUa |b gre |c GR-MyUa |e AACR2 | ||
| 041 | 0 | |a gre | |
| 082 | 7 | |a 519.64 |2 (23) | |
| 100 | 1 | |a Μήτση, Χρυσαυγή. | |
| 245 | 1 | 0 | |a Η μεθευρετική μέθοδος αναζήτησης λύσεων tabu και η εφαρμογή της σε προβλήματα συνδυαστικής βελτιστοποίησης: |b πτυχιακή εργασία / |c Χρυσαυγή Μήτση ; επιβλέπων καθηγητής Παναγιώτης Νάστου. |
| 260 | |c 2014. | ||
| 300 | |a 69 φύλλα : |b σχέδια ; |c 30 εκ. | ||
| 500 | |a Μέλη της εξεταστικής επιτροπής: Παναγιώτης Νάστου, Ευάγγελος Φελουζής, Θεοδόσης Δημητράκος. | ||
| 502 | |a Πτυχιακή εργασία - Πανεπιστήμιο Αιγαίου, Σάμος, 2014. | ||
| 504 | |a Βιβλιογραφία: σ. 69. | ||
| 506 | 0 | |a Διάθεση πλήρους κειμένου - Ελεύθερη πρόσβαση. | |
| 520 | 8 | |a Στη παρούσα πτυχιακή μελετήθηκε ο μεθευρετικός αλγόριθμος tabu σε προβλήματα συνδυαστικής βελτιστοποίησης και παρουσιάστηκε η εφαρμογή του σε δύο πολύ γνωστά προβλήματα, στο πρόβλημα περιοδεύτοντος πωλητή (TSP) και στο πρόβλημα τετραγωνικής εκχώρησης (QAP). | |
| 540 | |a Κλειδωμένη δυνατότητα αντιγραφής κειμένου. | ||
| 650 | 0 | |a Combinatorial optimization. | |
| 650 | 0 | |a Heuristic programming. | |
| 650 | 0 | |a Dissertations, Academic |z Greece. | |
| 700 | 1 | |a Νάστου, Παναγιώτης Ε. |e dgs | |
| 710 | 2 | |a Πανεπιστήμιο Αιγαίου. |b Σχολή Θετικών Επιστημών. |b Τμήμα Μαθηματικών. | |
| 852 | |a INST |b SAMOS |c DIATR |e 20150831 |h 519.64 ΜΗΤ |p 005300042587 |q 005300042587 |t DIE |y 23 | ||
| 852 | |a INST |b SAMOS |c DIATR |e 20150831 |h 519.64 ΜΗΤ |p 005300042588 |q 005300042588 |t DIE |y 23 | ||
| 856 | |u http://hdl.handle.net/11610/7949 | ||
| 924 | |a Μήτση |b Χρυσαυγή |y Σάμος |z 2014-10 | ||
| 970 | |a Κοσιέρης |b Χρήστος |z 31-08-2015 | ||